000 01523 a2200229 4500
001 27725
005 20260407155551.0
008 260407a1996 arg spa d
003 AR-UNSa-BCEJYS
040 _aAR-UNSa-BCEJYS
_bspa
_cAR-UNSa-BCEJYS
080 _a342.924
_xActos legales. Actos administrativos. (Procesal administrativo)
245 1 0 _aDerecho procesal administrativo
_p(lo contencioso administrativo) texto ampliado, corregido y actualizado a 1996
020 _a950-21-0550-8
264 1 _aBuenos Aires :
_bPlus Ultra
_c1996
300 _a678 p.
_c23 cm.
505 _a1. Introducción - 2. Control judicial de la administración - 3. Del tribunal en el proceso administrativo. Su jurisdicción y competencia - 4. El proceso administrativo - 5. De las partes en el proceso administrativo - 6. La acción - 7. De la pretensión procesal administrativa de las partes - 8. Iniciación del proceso administrativo. La demanda. Contestación - 9. Reconvención y excepciones - 10. Desarrollo y terminación del proceso - 11. De la sentencia - 12. De la ejecución de las sentencias - 13. Control judicial de la administración en el ámbito nacional - 14. Control judicial de la administración en el ámbito provincial - 15. Del estado como demandante - 16. Medidas cautelares - 17. Del amparo - 18. Juicios administrativos referentes a la propiedad privada -
041 _aspa
942 _cBK
590 _aniveau_biblio:m niveau_hierar:0
100 1 _aDiez, Manuel María
700 1 _aHutchinson, Tomás A.
999 _c1621
_d1621